La physique de A à Z - Statistiques

Statistiques générales
  • Ce quiz a été pris 374 fois
  • Le résultat moyen est 17 sur 26
Statistiques - réponses
Lettre Indice Réponse % Correct
A Branche qui s'intéresse à l'étude des astres et de l'univers Astronomie
95%
G Force qui nous cloue au sol Gravité
88%
N Particule neutre électriquement présente dans le noyau des atomes Neutron
87%
I Atome chargé électriquement Ion
85%
J Unité de mesure de l'énergie dans le système international Joule
84%
W Unité de mesure de la puissance Watt
84%
U Combustible le plus commun dans les réacteurs nucléaires Uranium
83%
R Théorie, introduite par Albert Einstein, qui modifie la conception de l'espace et du temps Relativité
80%
Q Domaine de la physique qui décrit les phénomènes à l’échelle des particules élémentaires Quantique
78%
P Particule de lumière Photon
76%
V Mesure de la distance parcourue par un objet dans un certain laps de temps Vitesse
76%
T Branche de la physique qui étudie notamment les échanges de chaleur Thermodynamique
70%
X Gaz rare utilisé dans certaines technologies Xénon
70%
K Physicien à l'origine des 3 lois de mouvements des planètes Johannes Kepler
67%
O Perturbation qui se propage dans l'espace, transportant de l'énergie sans transport de matière Onde
67%
Z Température théorique à laquelle l'énergie thermique est minimale, et où les mouvements moléculaires cessent Zéro absolu
63%
D Branche de la mécanique qui étudie les forces et leurs effets sur les objets en mouvement Dynamique
61%
B Particule élémentaire qui transporte une force fondamentale, par exemple celle de Higgs Boson
59%
F Physicien à l'origine d'un célèbre pendule Léon Foucault
54%
E Mesure du désordre ou de l’état d’organisation d’un système Entropie
49%
M Les équations de l'électromagnétisme portent son nom James Maxwell
48%
H Physicien à l'origine du principe d'incertitude Werner Heisenberg
39%
Y Préfixe pour désigner une quantité équivalente à un septillion (10¹⁸) Yotta
39%
C Propriété d’un matériau à s’opposer au passage d’un courant électrique Conductivité
35%
S Propriété de certains matériaux qui leur permet de conduire l'électricité sans résistance à des températures très basses Supraconductivité
27%
L Mesure de la lumière émise ou réfléchie par une surface Luminance
8%
Aucun quiz correspondant
Distribution des résultats
% des personnes avec chaque résultat
Percentile par nombre de réponses
Votre historique - résultats
Vous n’avez pas pris ce quiz